000 00527nam a22001697a 4500
003 OSt
005 20260116155421.0
008 260115b |||||||| |||| 00| 0 eng d
040 _cMRSPTU
041 _aENG
100 _aKimmy Gupta, Supervisor: Dr. Shaveta Rani
245 _aPerformance of FTP Application Over MANET for Different Mobility Patterns
260 _bDepartment of CSE, MRSPTU, Bathinda
_c2016
650 _aComputer Science
856 _uhttp://localhost:8080/xmlui/handle/123456789/413
942 _2ddc
_cTH
_n0
999 _c10654
_d10654